000 00385nam a2200157Ia 4500
008 210716s2010 xx 000 0 und d
020 _a9788174468758
041 _aeng
082 _a658.404 ABRS
100 _aAbrol, Sunil.
245 _aCases in project management.
250 _a1
260 _aNew Delhi
_bExcel Books
_c2010
300 _axi,117
650 _aProject Management
999 _c205950
_d205950